LEADER 03175nam 2200757Ia 450 001 9910779319203321 005 20230612025902.0 010 $a1-283-85694-8 010 $a3-11-028208-9 024 7 $a10.1515/9783110282085 035 $a(CKB)2550000000711085 035 $a(EBL)894139 035 $a(OCoLC)822025027 035 $a(SSID)ssj0000785011 035 $a(PQKBManifestationID)12369191 035 $a(PQKBTitleCode)TC0000785011 035 $a(PQKBWorkID)10783390 035 $a(PQKB)10326606 035 $a(MiAaPQ)EBC894139 035 $a(DE-B1597)175795 035 $a(OCoLC)1013949338 035 $a(OCoLC)1037980060 035 $a(OCoLC)1041992127 035 $a(OCoLC)1046609758 035 $a(OCoLC)1047039866 035 $a(OCoLC)1048749131 035 $a(OCoLC)853237462 035 $a(DE-B1597)9783110282085 035 $a(Au-PeEL)EBL894139 035 $a(CaPaEBR)ebr10634565 035 $a(CaONFJC)MIL416944 035 $a(EXLCZ)992550000000711085 100 $a20120904d2012 uy 0 101 0 $aeng 135 $aur|n|---||||| 181 $ctxt 182 $cc 183 $acr 200 10$aMax Pechstein$b[electronic resource] $ethe rise and fall of expressionism /$fby Bernhard Fulda, Aya Soika 210 $aBerlin ;$aBoston $cDe Gruyter$dc2012 215 $a1 online resource (448 p.) 225 0 $aInterdisciplinary German cultural studies ; $v volume 11 300 $aDescription based upon print version of record. 311 $a3-11-029662-4 320 $aIncludes bibliographical references and index. 327 $tFrontmatter --$tContents --$tPreface --$gch I.$tAn Artist in the Making 1881-1906 --$gch II.$tPechstein and Die Brücke 1906-1913 --$gch III.$tParadise, War and Revolution 1914-1919 --$gch IV.$tThe Weimar Years 1919-1932 --$gch V.$tLife under Dictatorship 1933-1945 --$tPart Imaginar --$gch VI.$tThe Final Years 1945-1955 --$gch VII.$tEpilogue --$tList of illustrations --$tBibliography --$tIndex. 330 $aMax Pechstein (1881-1955) is one of the most prominent German artists of the twentieth century, not least because of his crucial role in the breakthrough of German Expressionism. This long overdue biography combines the portrayal of an outstanding artistic personality with the story of an individual German who struggled through the political upheavals of his time. Pechstein's work is presented in the cultural context of museum politics and art associations, art dealers and critics, market forces and cultural trends. 410 0$aInterdisciplinary German cultural studies ;$vv. 11. 606 $aArtists$zGermany$vBiography 606 $aArt and society$zGermany$xHistory$y20th century 610 $aBiography. 610 $aExpressionism. 610 $aPechstein, Max. 615 0$aArtists 615 0$aArt and society$xHistory 676 $a709.04 686 $aLI 65820$2rvk 700 $aFulda$b Bernhard$01543949 701 $aSoika$b Aya$01543950 801 0$bMiAaPQ 801 1$bMiAaPQ 801 2$bMiAaPQ 906 $aBOOK 912 $a9910779319203321 996 $aMax Pechstein$93797771 997 $aUNINA LEADER 01380nam0 22003251i 450 001 UON00107702 005 20231205102622.610 100 $a20020107d1975 |0itac50 ba 101 $amlt 102 $aMT 105 $a|||| 1|||| 200 1 $aDe arte poetica$ftraduzzjoni mil-Latin u noti ta' Oliver Friggeri 205 $a[La Valletta] : Stamperija Nazzionali$b1975 210 $ac. n.n.$a22 cm 215 $aIn coperta: De arte poetica$cMaqluba ghall-Malti mil-Latin u annotata minn Oliver Friggeri 500 1$3UON00365421$aDe arte poetica / Orazio$915869 606 $aLETTERATURA MALTESE$xTRADUZIONI DA ALTRE LINGUE$3UONC029694$2FI 620 $dLa Valletta$3UONL000387 686 $aMLT I$cOPERE INTERDISCIPLINARI - GUIDE$2A 686 $aMLT VI D$cMALTA - LETTERATURA CONTEMPORANEA - TRADUZIONI$2A 700 1$aHORATIUS FLACCUS$bQuintus$3UONV059660$075513 702 1$aFRIGGERI$bOliver$3UONV068667 712 $aStamperija Nazzionali$3UONV261440$4650 790 0$aORAZIO$zHORATIUS FLACCUS, Quintus$3UONV059662 801 $aIT$bSOL$c20240220$gRICA 899 $aSIBA - SISTEMA BIBLIOTECARIO DI ATENEO$2UONSI 912 $aUON00107702 950 $aSIBA - SISTEMA BIBLIOTECARIO DI ATENEO$dSI MLT I 007 (Misc. b) $eSI SA 43295 5 007 (Misc. b) 996 $aArs poetica$915869 997 $aUNIOR